000 00569nam a2200229Ia 4500
003 OSt
005 20220928103357.0
006 a|||||r|||| 00| 0
007 ta
008 220927b |||||||| |||| 00| 0 eng d
024 _a121512
037 _cTextual
040 _aSDCL
_cSDCL
_beng
041 _2eng
_aeng
082 _aDelt:30aLB, L7
100 _aJain RajKumar
_9403833
245 0 _aYog aur ayurved
260 _aNew Delhi
_c1977
300 _a213p
_ccm.
942 _hDelt:30aLB, L7
_cTEXL
_2CC
999 _c719605
_d719605